| 000 | 00781nam a2200229 i 4500 | ||
|---|---|---|---|
| 001 | bg | ||
| 100 | 1 | _aBraun, Simon. | |
| 245 | 1 | 0 |
_aDiscover signal processing : _ban interactive guide for engineers / _cSimon Braun. |
| 260 |
_aChichester : _bJohn Wiley & Sons, _c2008. |
||
| 300 |
_aXVIII, 347 s. : _bil. ; _c25 cm + _edysk optyczny (CD ROM). |
||
| 504 | _aBibliogr. s. 341-343. Indeks. | ||
| 650 | 9 | _aTeoria sygnałów | |
| 020 | _a9780470519707 | ||
| 040 | _cBPK | ||
| 041 | 0 | _aeng | |
| 044 | _aGBR | ||
| 080 | _a621.391 | ||
| 920 | _a978-0470-51970-7 | ||
| 942 | _cKS | ||
| 008 | s pl f |000 0 pol | ||
| 999 |
_c55377 _d55377 |
||
| 856 |
_uhttp://koha.tu.koszalin.pl/cgi-bin/koha/opac-detail.pl?biblionumber=55377 _yKatalog online BPK |
||